000 00982nam a2200277 i 4500
001 19417
003 ES-MaACL
005 20230906152106.0
007 t|
008 020715s2001 sp ||||0| spa j
020 _a84-8164-449-8
040 _aM-BN
_bspa
_cM-BN
080 _a1(=411.21)"04/14"
100 1 _aǦābirī, Muḥammad ʻĀbid al-,
_d1936-2010
_918024
245 1 3 _aEl legado filosófico árabe
_b: Alfarabi, Avicena, Avempace, Averroes, Abenjaldún : lecturas contemporáneas /
_cMohamed Abed Yabri ; traducción del árabe, notas e índice de Manuel C. Feria García.
260 _aMadrid :
_bTrotta,
_c[2001]
300 _a442 p ;
_c23 cm.
490 1 _aAl-Andalus ;
_v10
504 _aBibliografía: p. 415-426. Indices.
650 1 4 _aFilosofía árabe-
_yS.V-XV.
_912832
700 1 _aFeria García, Manuel C.
_949298
830 0 _aAl-Andalus ;
_v10
_9178870
852 _aES-MaACL
_jL-25842
_bR.131147
999 _c19417
_d19417